Movies Quiz

Random Movies or Clickable Quiz

Can't They Just Act Their Age? Quiz Stats

 Plays Quiz Updated Jun 27, 2018

Challenge
Share
Tweet
Embed
Score 0/15 Timer 05:00
6 Plays Today
% Correct
Tom Hanks
98.3%
Michael J. Fox
95.6%
Leonardo DiCaprio
86.8%
Audrey Hepburn
80.8%
Andrew Garfield
76.8%
Sissy Spacek
68%
Stockard Channing
63.9%
John C. Reilly
63.9%
% Correct
Molly Shannon
63.4%
Alan Ruck
53.6%
Stacey Dash
48.9%
Ingrid Bergman
46%
Dustin Hoffman
44%
Steve McQueen
41.7%
Shirley Henderson
37%

You're not logged in!

Compare scores with friends on all Sporcle quizzes.
Join for Free
OR
Log In

You Might Also Like...

Show Comments

Extras

Top Quizzes Today


Score Distribution

Your Account Isn't Verified!

In order to create a playlist on Sporcle, you need to verify the email address you used during registration. Go to your Sporcle Settings to finish the process.

Report this User

Report this user for behavior that violates our Community Guidelines.

Details: